00400nam a2200145Ia 4500003000400000005001700004008004100021040001800062041000800080100004000088110001200128245005600140260002000196710003800216OSt20260309155527.0211028s2011 xx 000 0 und d cAIMIT LIBRARY aeng aB G, Rakesh; Lasrado, Suman.g81774 aRoshan. aERP module 3 reporting for universal links Mumbai / aBangalorec2011 aHeadstrong Services India Pvt Ltd